Ekkundi's poetry : (Record no. 40279)

MARC details
000 -LEADER
fixed length control field 00671nam a22002057a 4500
005 - DATE AND TIME OF LATEST TRANSACTION
control field 20100809111224.0
010 ## - LCCN (DPL NO)
LC control number ENG-98968
020 ## - INTERNATIONAL STANDARD BOOK NUMBER
Terms of availability 75.00
International Standard Book Number 9788126027903
020 ## - INTERNATIONAL STANDARD BOOK NUMBER
Terms of availability 75.00
International Standard Book Number 8126027908
035 ## - SYSTEM CONTROL NUMBER
System control number EN-82500
037 ## - SOURCE OF ACQUISITION
Source of stock number/acquisition DBAD/PUB
082 ## - DEWEY DECIMAL CLASSIFICATION NUMBER
Classification number 881
245 ## - TITLE STATEMENT
Title Ekkundi's poetry :
Statement of responsibility, etc translated by Laxminarayana Bhat P.
Remainder of title a reflection /
260 ## - PUBLICATION, DISTRIBUTION, ETC. (IMPRINT)
Place of publication, distribution, etc New Delhi
Name of publisher, distributor, etc Sahitya Akademi
Date of publication, distribution, etc 2010
270 ## - ADDRESS
Address Rabindra Bhavan, 35, Ferozeshah Road
City New Delhi
Postal code 110001
300 ## - PHYSICAL DESCRIPTION
Extent 79 p.
Dimensions 21 cm. (Pbk)
700 ## - ADDED ENTRY--PERSONAL NAME
9 (RLIN) 7380
942 ## - ADDED ENTRY ELEMENTS (KOHA)
Source of classification or shelving scheme Dewey Decimal Classification
Item type English Books
Classification part 881
Call number suffix EKK
Holdings
Withdrawn status Lost status Not for loan Collection code Home library Current library Date acquired Cost, normal purchase price Full call number Barcode Copy number Cost, replacement price Koha item type
    Not For Loan Non-fiction D.B.Act.Division D.B.Act.Division 09/08/2010 75.00 881 EKK EN-82500 1 75.00 English Books

© Delhi Public Library
Hit Counter
free hit counter